| 000 | 00401nam a2200157Ia 4500 | ||
|---|---|---|---|
| 008 | 231217s9999 xx 000 0 und d | ||
| 020 | _a8178810638 | ||
| 041 | _aEnglish | ||
| 082 | _a658.8 MAN;1 R | ||
| 100 | _aMantravadi, Pramod M ed. | ||
| 245 | 0 | _aE-marketing : the emerging trends | |
| 260 |
_c2005 _bIcfai _aHyderabad |
||
| 300 | _avi, 196 | ||
| 650 | _aE-marketing,trends | ||
| 942 | _cAA | ||
| 999 |
_c188733 _d188733 |
||